Banaphular kabi Dowerah (Record no. 2728)

MARC details
000 -LEADER
fixed length control field 00473cam a2200193ua 4500
001 - CONTROL NUMBER
control field 2881
005 - DATE AND TIME OF LATEST TRANSACTION
control field 20260515113610.0
008 - FIXED-LENGTH DATA ELEMENTS--GENERAL INFORMATION
fixed length control field 110913n ii |||gr||||Z||||||asm
040 ## - CATALOGING SOURCE
Transcribing agency MAIN
082 ## - DEWEY DECIMAL CLASSIFICATION NUMBER
Classification number 920
100 1# - MAIN ENTRY--PERSONAL NAME
Personal name Talukder, Nanda,
Relator term Author.
245 11 - TITLE STATEMENT
Title Banaphular kabi Dowerah
Statement of responsibility, etc. by Nanda Talukder
250 ## - EDITION STATEMENT
Edition statement 1st.
260 ## - PUBLICATION, DISTRIBUTION, ETC.
Place of publication, distribution, etc. Guahati:
Name of publisher, distributor, etc. Book stall,970.
300 ## - PHYSICAL DESCRIPTION
Extent 136p:
Dimensions 23cm.
653 ## - INDEX TERM--UNCONTROLLED
Uncontrolled term Biography
653 ## - INDEX TERM--UNCONTROLLED
Uncontrolled term Biography of Nanda Talukder
942 ## - ADDED ENTRY ELEMENTS (KOHA)
Koha item type Books
Holdings
Withdrawn status Lost status Damaged status Not for loan Home library Current library Shelving location Date acquired Total checkouts Full call number Barcode Date last seen Copy number Price effective from Koha item type
        Naharkatiya College Library Naharkatiya College Library General stacks 09/19/2020   920 | TAL 9369 09/19/2020 1 09/19/2020 Books